000
00205 a2200097 4500
001
51226
100
_a
Brookner C
245
_a
Radar Technology
260
_a
New York
_b
P H Inc
_c
090
_c
32418
_d
32418
942
_a
NUST-CAE
_c
M
_c
24912
999
_c
286299
_d
286299